[Event "Aragon-chT Preferente Gr II"]
[Site "Aragon"]
[Date "2023.03.11"]
[Round "7.57"]
[White "Carretero Cacho, Juan Jose"]
[Black "Juberias Segura, Santiago"]
[Result "1-0"]
[WhiteElo "2054"]
[BlackElo "2042"]
[PlyCount "55"]
[EventDate "2023.01.28"]
[EventType "team-tourn"]
[EventRounds "9"]
[EventCountry "ESP"]
[SourceTitle "EXT 2024"]
[Source "ChessBase"]
[SourceDate "2023.10.10"]
[SourceVersion "1"]
[SourceVersionDate "2023.10.10"]
[SourceQuality "1"]
[WhiteTeam "Agrupacion"]
[BlackTeam "Utebo San Lamberto"]
[WhiteTeamCountry "ESP"]
[BlackTeamCountry "ESP"]

1. e4 c5 2. c3 g6 3. d4 Bg7 4. Nf3 b6 5. d5 d6 6. h3 Nf6 7. Qc2 0-0 8. Bd3 Qc7 9. Nbd2 Nbd7 10. 0-0 Ne5 11. Nxe5 dxe5 12. c4 Ne8 13. Nf3 Nd6 14. Bd2 f5 15. Bc3 fxe4 16. Bxe4 Nxe4 17. Qxe4 Rf4 18. Qe3 Rxc4 19. Bxe5 Bxe5 20. Nxe5 Rd4 21. Nc6 e5 22. Nxd4 exd4 23. Qe8+ Kg7 24. Rfe1 Qd6 25. Re7+ Kh6 26. Qf7 Bf5 27. g4 Bd3 28. f4 1-0

[Event "Aragon-chT Honor GrB"]
[Site "Aragon"]
[Date "2013.02.23"]
[Round "5.25"]
[White "Trigo Conde, Isaac"]
[Black "Carretero Cacho, Juan Jose"]
[Result "1-0"]
[WhiteElo "2270"]
[BlackElo "2139"]
[PlyCount "87"]
[EventDate "2013.01.26"]
[EventType "team"]
[EventRounds "7"]
[EventCountry "ESP"]
[SourceTitle "EXT 2014"]
[Source "ChessBase"]
[SourceDate "2013.11.20"]
[SourceVersion "1"]
[SourceVersionDate "2013.11.20"]
[SourceQuality "1"]
[WhiteTeam "Actur Rey Fernando"]
[BlackTeam "Agrupacion II"]
[WhiteTeamCountry "ESP"]
[BlackTeamCountry "ESP"]

1. c4 Nf6 2. d4 e5 3. dxe5 Ng4 4. Nf3 Bc5 5. e3 Nc6 6. Nc3 0-0 7. Be2 Ncxe5 8. Nxe5 Nxe5 9. 0-0 Re8 10. Ne4 Bf8 11. Ng3 a5 12. b3 Ra6 13. f4 Ng6 14. e4 Bc5+ 15. Kh1 a4 16. Bb2 axb3 17. axb3 d6 18. Nh5 f6 19. Bd3 Rxa1 20. Bxa1 Rf8 21. Qf3 Qd7 22. h3 Qf7 23. Bc3 Bd7 24. b4 Ba7 25. e5 Bc6 26. Qg3 fxe5 27. c5 dxc5 28. f5 cxb4 29. Bxb4 Nf4 30. Bc4 Bd5 31. Bxd5 Nxd5 32. Bxf8 Kxf8 33. f6 g6 34. Qa3+ Kg8 35. Qxa7 gxh5 36. Qa8+ Qf8 37. f7+ Kg7 38. Qxb7 Nf4 39. Qxc7 Ng6 40. Qc6 Nf4 41. Qe8 Ng6 42. Qe6 h4 43. Qf6+ Kh6 44. Rf2 1-0